Věstník Ministerstva Zdravotnictví

Bibliographic Details
New Title:Věstník Ministerstva zdravotnictví České socialistické republiky
Format: Journal
Language:Czech
Published: Praha Ministerstvo zdravotnictví 1953-1968
ISSN:0139-9837

MARC

LEADER 00000cas a22000004a 4500
001 vtls001409704
003 SK-MaSNL
005 20260221113214.0
008 010320d19531968xr sr p 0 0b0cze c
035 |a SNK000364392 
040 |a SNK  |b slo  |c SNK  |e AACR2 
041 0 |a cze 
044 |a xr  |c CZ 
210 0 |a Věst. Minist. zdrav. 
222 0 |a Věstník Ministerstva zdravotnictví 
245 0 0 |a Věstník Ministerstva Zdravotnictví 
260 |a Praha  |b Ministerstvo zdravotnictví  |c 1953-1968 
310 |a 26x ročne 
362 0 |a Roč. 1 (1953)-roč. 16 (1968) 
785 0 0 |t Věstník Ministerstva zdravotnictví České socialistické republiky  |x 0139-9837 
910 |a snk 
999 |c 1739  |d 3669 
952 |0 0  |1 1  |4 0  |7 0  |a SNK  |b SNK  |d 2003-03-27  |i snkII. 104/55  |l 0  |o snkČB 1550/1954  |p 17A0379226  |r 2005-01-02 00:00:00  |t č. 1-24  |w 2026-02-21  |y PREZ 
952 |0 0  |1 1  |4 0  |7 0  |a SNK  |b SNK  |d 2003-03-27  |i snkII. 249/54  |l 0  |o snkČB 1550/1/1953  |p 17A0379312  |r 2005-01-02 00:00:00  |t č. 1-12  |w 2026-02-21  |y PREZ 
952 |0 0  |1 1  |3 rekatalogizácia  |4 0  |7 0  |a SNK  |b SNK  |d 2006-12-08  |i snkČIP 1710/68  |l 0  |o snkČB 1550/12/1964  |p 17A0530458  |r 2026-02-21 20:13:12  |t č. 1-24  |w 2026-02-21  |y PREZ 
952 |0 0  |1 1  |4 0  |7 0  |a SNK  |b SNK  |d 2001-03-20  |i snkČIP 910/57  |l 0  |o snkČB 1550/4/1956  |p 17A0294018  |r 2005-01-02 00:00:00  |t č. 1-24  |w 2026-02-21  |y PREZ 
952 |0 0  |1 1  |4 0  |7 0  |a SNK  |b SNK  |d 2002-06-20  |l 0  |o snkČB 1550/15/1967  |p 17A0346370  |r 2005-01-02 00:00:00  |t č. 1-24  |w 2026-02-21  |y PREZ